El estrés de los profesores: la presión en la actividad docente

Uloženo v:
Podrobná bibliografie
Hlavní autoři: Travers, Cheryl J (Autor), Cooper, Cary L (Autor)
Médium: Kniha
Jazyk:španělština
Vydáno: Barcelona Paidós Ibérica 1997
Vydání:1a. ed
Edice:Temas de Educación, 45
Témata:
Tagy: Přidat tag
Žádné tagy, Buďte první, kdo vytvoří štítek k tomuto záznamu!

MARC

LEADER 00000nam a2200000 a 4500
001 UCJ2188
003 CL-VaPUC
008 061201e19970000SP |||||||||||||||||spa|d
020 |a 8449304245 
082 0 4 |a 371.1  |b TRA  |2 21 
100 0 |a Travers, Cheryl J  |e author  |9 503103 
700 0 |a Cooper, Cary L  |e author  |9 503104 
245 1 3 |a El estrés de los profesores: la presión en la actividad docente 
250 |a 1a. ed 
300 |a 284 p 
942 |c BK 
945 |d 20061201 00:00:00  |a cmena 
260 |a Barcelona  |b Paidós Ibérica  |c 1997 
650 0 |a Rol del docente  |9 329733 
650 7 |a ESTRES  |2 CL-VaPUC  |9 338725 
650 7 |a RELACION DOCENTE ALUMNO  |2 CL-VaPUC  |9 307734 
650 0 |a Salud mental  |9 308393 
650 0 |a Métodos de enseñanza  |9 270413 
583 |a last modification  |c 20061201 00:00:00  |k Rodrigo Vera 
490 0 |a Temas de Educación, 45 
999 |c 318538  |d 318536 
952 |0 0  |1 0  |4 0  |6 371_100000000000000_TRA_1997  |7 0  |8 A  |9 396376  |a BIBEDU  |b BIBEDU  |d 2019-11-22  |i 4303741  |o 371.1 TRA 1997  |p 4303741  |r 2019-11-22  |w 2019-11-22  |y BK  |k EBA 
952 |0 0  |1 0  |4 0  |6 371_100000000000000_TRA_1997  |7 0  |8 A  |9 396377  |a BIBEDU  |b BIBEDU  |d 2019-11-22  |i 4327977  |o 371.1 TRA 1997  |p 4327977  |r 2019-11-22  |w 2019-11-22  |y BK  |k EBA